Представление документа в формате RUSMARC

ПолеНазваниеЗначение
  Тип записи a
  Библиографический уровень m
001 Контрольный номер 9124d85979c9427389efbf1abdf0ed7e
005 Дата корректировки 20140616160122.7
010 Индекс ISBN __
a ISBN 978-5-89718-033-2
101 Язык документа 0_
a Язык текста rus
102 Страна публикации __
a Страна публикации RU
200 Заглавие и сведения об ответственности 1_
a Заглавие Эффективное управление предприятием на основе демократизации собственности
f Первые сведения об ответственности Ф. С. Крейчман
205 Сведения об издании __
a Основные сведения об издании 2-е изд., испр. и доп.
210 Выходные данные 1_
c Издательство ВШПП
a Место издания М.
d Дата издания 2009
215 Физическое описание __
a Объем 487, [1] с.
610 Ключевые слова 0_
a Ключевые слова управление предприятием
610 Ключевые слова 0_
a Ключевые слова собственность
610 Ключевые слова 0_
a Ключевые слова мотивация труда
610 Ключевые слова 0_
a Ключевые слова менеджеры
610 Ключевые слова 0_
a Ключевые слова качество продукции
610 Ключевые слова 0_
a Ключевые слова конкурентоспособность продукции
610 Ключевые слова 0_
a Ключевые слова сертификация
610 Ключевые слова 0_
a Ключевые слова эффективный маркетинг
610 Ключевые слова 0_
a Ключевые слова финансовая политика
610 Ключевые слова 0_
a Ключевые слова налоговая система
686 Индексы других классификаций __
a Классификационный индекс 65.050.9(2)2
2 Код системы rubbk
686 Индексы других классификаций __
a Классификационный индекс 65.050.9(2)24
2 Код системы rubbk
700 Автор _1
a Фамилия Крейчман
b Имя Ф. С.
801 Источник записи _0
a Страна RU
b Организация РУК
c Дата составления 20110701
g Правила каталогизации PSBO
801 Источник записи _1
a Страна RU
b Организация РУК
c Дата составления 20110701
g Правила каталогизации PSBO
852 Данные о местонахождении __
i Авторский знак К 79
j Шифр хранения ББК 65.050
901 Тип документа __
t Тип документа m
938 Служебная информация __
a Название организации Головной вуз
b Имя БД BOOK
c Название АИБС АИБС ИРБИС